<?xml version="1.0" encoding="UTF-8"?>
<record
    xmlns:xsi="http://www.w3.org/2001/XMLSchema-instance"
    xsi:schemaLocation="http://www.loc.gov/MARC21/slim http://www.loc.gov/standards/marcxml/schema/MARC21slim.xsd"
    xmlns="http://www.loc.gov/MARC21/slim">

  <leader>00998nam a22002057a 4500</leader>
  <controlfield tag="005">20241206105830.0</controlfield>
  <datafield tag="010" ind1=" " ind2=" ">
    <subfield code="a">HIN-128613</subfield>
  </datafield>
  <datafield tag="020" ind1=" " ind2=" ">
    <subfield code="a">9789357777797</subfield>
    <subfield code="c">600.00</subfield>
  </datafield>
  <datafield tag="035" ind1=" " ind2=" ">
    <subfield code="a">HN-100959</subfield>
  </datafield>
  <datafield tag="037" ind1=" " ind2=" ">
    <subfield code="b">DBAD </subfield>
  </datafield>
  <datafield tag="082" ind1=" " ind2=" ">
    <subfield code="a">808.883</subfield>
    <subfield code="2">&#x92A;&#x94D;&#x930;&#x925;&#x92E;</subfield>
  </datafield>
  <datafield tag="100" ind1=" " ind2=" ">
    <subfield code="a">&#x915;&#x93C;&#x93E;&#x926;&#x930;&#x940;,&#x936;&#x93E;&#x939;&#x928;&#x935;&#x93E;&#x91C;&#x93C; &#x905;&#x939;&#x92E;&#x926;</subfield>
    <subfield code="9">74765</subfield>
  </datafield>
  <datafield tag="245" ind1=" " ind2=" ">
    <subfield code="a">&#x930;&#x93E;&#x91C;&#x928;&#x93E;&#x930;&#x93E;&#x92F;&#x923;:</subfield>
    <subfield code="b">&#x90F;&#x915; &#x928;&#x93E;&#x92E; &#x928;&#x939;&#x940;&#x902; &#x907;&#x924;&#x93F;&#x939;&#x93E;&#x938; &#x939;&#x948;! /</subfield>
    <subfield code="c">&#x936;&#x93E;&#x939;&#x928;&#x935;&#x93E;&#x91C;&#x93C; &#x905;&#x939;&#x92E;&#x926; &#x915;&#x93C;&#x93E;&#x926;&#x930;&#x940;; &#x913;&#x92E; &#x92A;&#x940;&#x92F;&#x942;&#x937; &#x926;&#x94D;&#x935;&#x93E;&#x930;&#x93E; &#x938;&#x902;&#x92A;&#x93E;&#x926;&#x93F;&#x924;</subfield>
  </datafield>
  <datafield tag="250" ind1=" " ind2=" ">
    <subfield code="a">&#x92A;&#x94D;&#x930;&#x925;&#x92E;</subfield>
  </datafield>
  <datafield tag="260" ind1=" " ind2=" ">
    <subfield code="a">&#x932;&#x916;&#x928;&#x90A;</subfield>
    <subfield code="b">&#x938;&#x94D;&#x935;&#x92F;&#x902; &#x92A;&#x94D;&#x930;&#x915;&#x93E;&#x936;&#x93F;&#x924;</subfield>
    <subfield code="c">2022</subfield>
  </datafield>
  <datafield tag="270" ind1=" " ind2=" ">
    <subfield code="a">119/160, &#x915;&#x928;&#x94D;&#x927;&#x93E;&#x930;&#x940; &#x932;&#x947;&#x928;,36 &#x915;&#x948;&#x923;&#x94D;&#x91F; &#x930;&#x94B;&#x921;,&#x92C;&#x930;&#x94D;&#x932;&#x93F;&#x902;&#x917;&#x91F;&#x928; &#x91A;&#x94C;&#x930;&#x93E;&#x939;&#x93E;</subfield>
    <subfield code="b">&#x932;&#x916;&#x928;&#x90A;</subfield>
    <subfield code="e">226001</subfield>
  </datafield>
  <datafield tag="300" ind1=" " ind2=" ">
    <subfield code="a">512 &#x92A;&#x943;.</subfield>
    <subfield code="c">22 &#x938;&#x947;&#x92E;&#x940; (&#x938;&#x91C;&#x93F;&#x932;&#x94D;&#x926;)</subfield>
  </datafield>
  <datafield tag="700" ind1=" " ind2=" ">
    <subfield code="a">&#x913;&#x92E; &#x92A;&#x940;&#x92F;&#x942;&#x937;</subfield>
    <subfield code="9">74766</subfield>
  </datafield>
  <datafield tag="942" ind1=" " ind2=" ">
    <subfield code="c">HN</subfield>
    <subfield code="2">ddc</subfield>
    <subfield code="h">808.883</subfield>
    <subfield code="m">&#x915;&#x93C;&#x93E;&#x926;&#x930;&#x940;</subfield>
  </datafield>
  <datafield tag="999" ind1=" " ind2=" ">
    <subfield code="c">206373</subfield>
    <subfield code="d">206373</subfield>
  </datafield>
  <datafield tag="952" ind1=" " ind2=" ">
    <subfield code="0">0</subfield>
    <subfield code="1">0</subfield>
    <subfield code="4">0</subfield>
    <subfield code="7">0</subfield>
    <subfield code="8">NFIC</subfield>
    <subfield code="a">BN</subfield>
    <subfield code="b">BN</subfield>
    <subfield code="d">2024-10-14</subfield>
    <subfield code="e">DBAD</subfield>
    <subfield code="g">600.00</subfield>
    <subfield code="l">0</subfield>
    <subfield code="o">808.883 &#x915;&#x93C;&#x93E;&#x926;&#x930;&#x940;</subfield>
    <subfield code="p">HN-100959</subfield>
    <subfield code="r">2024-10-14 00:00:00</subfield>
    <subfield code="t">1</subfield>
    <subfield code="v">600.00</subfield>
    <subfield code="w">2024-10-14</subfield>
    <subfield code="y">HN</subfield>
  </datafield>
</record>
